Mariano Marcos State University

University Library System

Community health nursing / (Record no. 29135)

MARC details
000 -LEADER
fixed length control field 00578nam a22001937a 4500
003 - CONTROL NUMBER IDENTIFIER
control field OSt
005 - DATE AND TIME OF LATEST TRANSACTION
control field 20260511112003.0
008 - FIXED-LENGTH DATA ELEMENTS--GENERAL INFORMATION
fixed length control field 260511b |||||||| |||| 00| 0 eng d
020 ## - INTERNATIONAL STANDARD BOOK NUMBER
International Standard Book Number 9781984694454 Pbk. Bp.
040 ## - CATALOGING SOURCE
Original cataloging agency MMSU
Transcribing agency ULS
050 ## - LIBRARY OF CONGRESS CALL NUMBER
Classification number RT 98 S66 2025 CHS
100 ## - MAIN ENTRY--PERSONAL NAME
Personal name Sommer, Ted
245 ## - TITLE STATEMENT
Title Community health nursing /
Statement of responsibility, etc. Ted Sommer.
260 ## - PUBLICATION, DISTRIBUTION, ETC.
Place of publication, distribution, etc. New York, NY :
Name of publisher, distributor, etc. 3G E-Learning,
Date of publication, distribution, etc. 2025.
300 ## - PHYSICAL DESCRIPTION
Extent xx, 294 pages :
Other physical details illustrations ;
Dimensions 26 cm.
504 ## - BIBLIOGRAPHY, ETC. NOTE
Bibliography, etc. note Includes bibliographical references and index.
650 ## - SUBJECT ADDED ENTRY--TOPICAL TERM
Topical term or geographic name entry element Community health nursing.
942 ## - ADDED ENTRY ELEMENTS (KOHA)
Source of classification or shelving scheme
Koha item type Books
Holdings
Withdrawn status Lost status Source of classification or shelving scheme Damaged status Not for loan Home library Current library Shelving location Date acquired Inventory number Full call number Barcode Date last seen Price effective from Koha item type
          MMSU College of Health Sciences MMSU College of Health Sciences Circulation 05/11/2026 26-0035 RT 98 S66 2025 CHS 41806 05/11/2026 05/11/2026 Books

© 2023 Mariano Marcos State University. All Rights Reserved.

Powered by Koha